| 000 | 00361nam a2200145Ia 4500 | ||
|---|---|---|---|
| 008 | 150201s2004 xx 000 0 und d | ||
| 082 |
_a617.6342 _bE20041 |
||
| 100 | _aINGLE,JOHN I. | ||
| 245 | _aENDODONTICS | ||
| 250 | _a5TH | ||
| 260 |
_bB.C.DECKER _aTORONTO _c2004 |
||
| 300 | _a1-974 | ||
| 650 | _aCONSERVATIVE DENTISTRY & ENDODONTICS | ||
| 942 |
_2ddc _cBK _04 |
||
| 999 |
_c3680 _d3680 |
||